Plasty. STN 64 3010. EN ISO 1872-2 : Polyetylén (PE) na vstrekovanie a vytláčanie. Časť 2: Príprava skúšobných telies a stanovenie vlastností. September 1999
Salvato in:
| Natura: | Libro |
|---|---|
| Lingua: | slovacco |
| Pubblicazione: |
Bratislava :
Slovenský ústav technickej normalizácie,
1999
|
| Soggetti: | |
| Tags: |
Nessun Tag, puoi essere il primo ad aggiungerne!!
|
MARC
| LEADER | 00000nam a22000003a 4500 | ||
|---|---|---|---|
| 001 | stu79306 | ||
| 005 | 20150408161557.6 | ||
| 008 | 030226s1999----xo------------------slo-d | ||
| 040 | |a STU |b slo | ||
| 041 | 0 | |a slo | |
| 044 | |a xo | ||
| 080 | |a 678 | ||
| 245 | |a Plasty. STN 64 3010. EN ISO 1872-2 : |b Polyetylén (PE) na vstrekovanie a vytláčanie. Časť 2: Príprava skúšobných telies a stanovenie vlastností. September 1999 | ||
| 260 | |a Bratislava : |b Slovenský ústav technickej normalizácie, |c 1999 | ||
| 300 | |a 16 s | ||
| 650 | 7 | |a plasty |2 stusub | |
| 650 | 7 | |a polyetylén |2 stusub | |
| 996 | |b 284M039178 |c M*N-516/1-1 |l MMKN |s A |a 24 |w stu79306_0001 | ||